[Event "DVM U14w 2019"]
[Site "Neumünster GER"]
[Date "2019.12.29"]
[Round "6"]
[White "Semenchenko, Simona"]
[Black "Schramm, Clara"]
[Result "1-0"]
[Termination "normal"]
[Board "8.3"]
[WhiteElo "919"]
[BlackElo "805"]
[WhiteTeam "SK Tarrasch 1945 München"]
[BlackTeam "Elmshorner SC von 1896"]
[PlyCount "51"]
[WhiteFideId "16298314"]
[BlackFideId "16298365"]
[EventCountry "GER"]
[EventRounds "7"]
[EventType "team-swiss"]
[EventDate "2019.12.26"]

1. e4 d5 2. exd5 Qxd5 3. Nc3 Qa5 4. d4 c6 5. Nf3 Nf6 6. Bd3 Bg4 7. h3 Bh5 8. g4
Bg6 9. Ne5 Bxd3 10. Qxd3 e6 11. Nc4 Qc7 12. a3 Bd6 13. Qf3 O-O 14. Nxd6 Qxd6
15. Be3 Nbd7 16. O-O-O Nb6 17. Bf4 Qe7 18. g5 Nfd5 19. Be5 Nxc3 20. Qxc3 Rac8
21. Qg3 Rcd8 22. Bf6 Qc7 23. Qxc7 gxf6 24. gxf6 Rc8 25. Qg3+ Kh8 26. Qg7# 1-0

[Event "DVM U14w 2019"]
[Site "Neumünster GER"]
[Date "2019.12.30"]
[Round "7"]
[White "Glowiak, Alexandra"]
[Black "Dietz, Kristin"]
[Result "0-1"]
[Termination "normal"]
[Board "1.1"]
[WhiteElo "1403"]
[BlackElo "1946"]
[WhiteClock "00:17:45"]
[BlackClock "00:30:57"]
[WhiteTeam "SV Traktor Priestewitz"]
[BlackTeam "USV Halle"]
[PlyCount "92"]
[WhiteFideId "16259530"]
[BlackFideId "12993743"]
[EventCountry "GER"]
[EventRounds "7"]
[EventType "team-swiss"]
[EventDate "2019.12.26"]

1. e4 {[%clk 1:30:59]} c5 {[%clk 1:30:51]} 2. Nf3 {[%clk 1:31:23]} e6 {[%clk
1:31:15]} 3. d4 {[%clk 1:31:48]} cxd4 {[%clk 1:31:39]} 4. Nxd4 {[%clk 1:32:13]}
a6 {[%clk 1:32:02]} 5. Nc3 {[%clk 1:32:04]} Qc7 {[%clk 1:32:23]} 6. Be3 {[%clk
1:31:38]} Bb4 {[%clk 1:32:34]} 7. Nde2 {[%clk 1:28:51]} Nf6 {[%clk 1:31:46]} 8.
a3 {[%clk 1:24:11]} Be7 {[%clk 1:25:10]} 9. Nd4 {[%clk 1:15:53]} O-O {[%clk
1:25:03]} 10. Be2 {[%clk 1:15:44]} d6 {[%clk 1:24:17]} 11. O-O {[%clk 1:15:36]}
b5 {[%clk 1:24:02]} 12. f3 {[%clk 1:13:11]} Bb7 {[%clk 1:24:07]} 13. Rc1 {[%clk
1:08:41]} Nbd7 {[%clk 1:20:04]} 14. Nb3 {[%clk 1:05:01]} Rac8 {[%clk 1:14:01]}
15. Qe1 {[%clk 0:56:29]} d5 {[%clk 1:11:01]} 16. exd5 {[%clk 0:55:58]} Nxd5
{[%clk 1:10:09]} 17. Nxd5 {[%clk 0:56:16]} Bxd5 {[%clk 1:10:24]} 18. f4 {[%clk
0:52:03]} Bf6 {[%clk 1:05:55]} 19. Nd4 {[%clk 0:49:34]} Qd6 {[%clk 0:59:40]}
20. c3 {[%clk 0:47:32]} Nc5 {[%clk 0:58:25]} 21. Rd1 {[%clk 0:44:48]} Na4
{[%clk 0:53:17]} 22. Rd2 {[%clk 0:42:52]} Qb8 {[%clk 0:50:21]} 23. Bf3 {[%clk
0:35:42]} Nb6 {[%clk 0:49:41]} 24. f5 {[%clk 0:33:31]} e5 {[%clk 0:46:12]} 25.
Nc2 {[%clk 0:29:38]} Bxf3 {[%clk 0:45:01]} 26. Rxf3 {[%clk 0:29:37]} Nc4 {[%clk
0:45:14]} 27. Re2 {[%clk 0:25:59]} Nxb2 {[%clk 0:43:51]} 28. Nb4 {[%clk
0:25:26]} e4 {[%clk 0:41:14]} 29. Bf4 {[%clk 0:23:13]} Qa7+ {[%clk 0:38:52]}
30. Be3 {[%clk 0:22:49]} Qb7 {[%clk 0:39:04]} 31. Rh3 {[%clk 0:21:08]} Nd3
{[%clk 0:36:45]} 32. Qd1 {[%clk 0:19:57]} Rxc3 {[%clk 0:36:27]} 33. Nxd3 {[%clk
0:19:17]} Rxd3 {[%clk 0:36:21]} 34. Qc2 {[%clk 0:18:11]} Rc8 {[%clk 0:36:10]}
35. Qb1 {[%clk 0:18:12]} Qd5 {[%clk 0:35:25]} 36. Re1 {[%clk 0:18:06]} Qb3
{[%clk 0:33:51]} 37. Qxb3 {[%clk 0:18:09]} Rxb3 {[%clk 0:34:19]} 38. Bf4 {[%clk
0:18:01]} Rxh3 {[%clk 0:34:19]} 39. gxh3 {[%clk 0:18:29]} Rc4 {[%clk 0:33:56]}
40. Kg2 {[%clk 0:17:04]} g6 {[%clk 0:34:15]} 41. Bh6 {[%clk 0:17:02]} Bg7
{[%clk 0:34:05]} 42. Bg5 {[%clk 0:17:17]} gxf5 {[%clk 0:33:58]} 43. Rf1 {[%clk
0:17:16]} h6 {[%clk 0:33:45]} 44. Bh4 {[%clk 0:17:15]} e3 {[%clk 0:33:41]} 45.
Bg3 {[%clk 0:17:33]} Rc3 {[%clk 0:31:04]} 46. Rxf5 {[%clk 0:17:45]} Rxa3 {[%clk
0:30:57]} 0-1

[Event "DVM U14w 2019"]
[Site "Neumünster GER"]
[Date "2019.12.30"]
[Round "7"]
[White "Zhou, Lepu Coco"]
[Black "Mai, Mariella"]
[Result "1-0"]
[Termination "normal"]
[Board "1.2"]
[WhiteElo "1892"]
[BlackElo "1232"]
[WhiteClock "00:49:48"]
[BlackClock "00:33:30"]
[WhiteTeam "USV Halle"]
[BlackTeam "SV Traktor Priestewitz"]
[PlyCount "112"]
[WhiteFideId "16217136"]
[BlackFideId "16281780"]
[EventCountry "GER"]
[EventRounds "7"]
[EventType "team-swiss"]
[EventDate "2019.12.26"]

1. e4 {[%clk 1:30:58]} e6 {[%clk 1:30:55]} 2. d4 {[%clk 1:31:23]} d5 {[%clk
1:31:20]} 3. Nc3 {[%clk 1:31:48]} c5 {[%clk 1:30:54]} 4. Nf3 {[%clk 1:28:47]}
Nc6 {[%clk 1:31:08]} 5. Be3 {[%clk 1:26:51]} b6 {[%clk 1:30:00]} 6. Bb5 {[%clk
1:26:09]} Bd7 {[%clk 1:29:24]} 7. exd5 {[%clk 1:25:44]} exd5 {[%clk 1:29:12]}
8. Nxd5 {[%clk 1:25:48]} Nf6 {[%clk 1:23:08]} 9. Bg5 {[%clk 1:24:00]} Be7
{[%clk 1:21:44]} 10. Qe2 {[%clk 1:22:14]} Nxd5 {[%clk 1:21:30]} 11. Bxc6 {[%clk
1:21:39]} Bxc6 {[%clk 1:21:20]} 12. Ne5 {[%clk 1:21:58]} Bb7 {[%clk 1:20:52]}
13. Qf3 {[%clk 1:20:51]} O-O {[%clk 1:19:53]} 14. Bd2 {[%clk 1:20:09]} Rb8
{[%clk 1:18:14]} 15. Qg3 {[%clk 1:19:28]} Bh4 {[%clk 1:18:03]} 16. Qg4 {[%clk
1:18:25]} Bc8 {[%clk 1:15:03]} 17. Qh5 {[%clk 1:17:47]} cxd4 {[%clk 1:12:56]}
18. O-O-O {[%clk 1:17:31]} Bb7 {[%clk 1:09:38]} 19. Qg4 {[%clk 1:15:10]} Bc8
{[%clk 1:09:16]} 20. Qxd4 {[%clk 1:12:41]} Bf5 {[%clk 1:05:27]} 21. c3 {[%clk
1:10:19]} Nc7 {[%clk 1:02:57]} 22. Qf4 {[%clk 1:09:42]} Be6 {[%clk 1:01:04]}
23. Nc6 {[%clk 1:09:55]} Nd5 {[%clk 0:59:27]} 24. Qe4 {[%clk 1:08:21]} Qf6
{[%clk 0:54:57]} 25. Nxb8 {[%clk 1:07:47]} Rxb8 {[%clk 0:54:45]} 26. f4 {[%clk
1:07:38]} Qf5 {[%clk 0:51:27]} 27. Qa4 {[%clk 1:05:49]} Rc8 {[%clk 0:49:36]}
28. g3 {[%clk 1:02:07]} Be7 {[%clk 0:48:12]} 29. Rhe1 {[%clk 1:01:19]} f6
{[%clk 0:45:39]} 30. a3 {[%clk 0:57:51]} a5 {[%clk 0:45:46]} 31. Re4 {[%clk
0:54:03]} b5 {[%clk 0:44:57]} 32. Qc2 {[%clk 0:54:19]} b4 {[%clk 0:44:54]} 33.
Rde1 {[%clk 0:53:21]} Rc6 {[%clk 0:41:14]} 34. Rxe6 {[%clk 0:53:06]} Qxc2+
{[%clk 0:40:34]} 35. Kxc2 {[%clk 0:53:27]} Rc7 {[%clk 0:40:35]} 36. axb4 {[%clk
0:52:39]} axb4 {[%clk 0:39:56]} 37. Kd3 {[%clk 0:50:36]} Kf7 {[%clk 0:39:52]}
38. c4 {[%clk 0:50:40]} Rd7 {[%clk 0:38:15]} 39. cxd5 {[%clk 0:50:33]} Rxd5+
{[%clk 0:38:28]} 40. Kc2 {[%clk 0:50:47]} Bc5 {[%clk 0:35:39]} 41. Rc6 {[%clk
0:49:51]} Kg6 {[%clk 0:34:24]} 42. Be3 {[%clk 0:49:25]} b3+ {[%clk 0:32:41]}
43. Kc3 {[%clk 0:49:37]} Bxe3 {[%clk 0:32:39]} 44. Rxe3 {[%clk 0:49:58]} Rd1
{[%clk 0:32:58]} 45. Kxb3 {[%clk 0:49:56]} Rd2 {[%clk 0:33:08]} 46. h3 {[%clk
0:49:56]} h5 {[%clk 0:33:03]} 47. Rc7 {[%clk 0:49:57]} Rg2 {[%clk 0:32:40]} 48.
Rc2 {[%clk 0:49:07]} Rg1 {[%clk 0:32:55]} 49. Kc4 {[%clk 0:48:55]} Rd1 {[%clk
0:33:00]} 50. b4 {[%clk 0:48:59]} Rd8 {[%clk 0:33:17]} 51. Rb2 {[%clk 0:49:13]}
Kf5 {[%clk 0:33:09]} 52. b5 {[%clk 0:48:43]} g5 {[%clk 0:33:27]} 53. fxg5
{[%clk 0:49:03]} fxg5 {[%clk 0:33:45]} 54. b6 {[%clk 0:49:22]} Rc8+ {[%clk
0:33:47]} 55. Kb5 {[%clk 0:49:33]} Rd8 {[%clk 0:33:30]} 56. b7 {[%clk 0:49:48]}
Rh8 1-0

[Event "DVM U14w 2019"]
[Site "Neumünster GER"]
[Date "2019.12.30"]
[Round "7"]
[White "Alferova, Emily"]
[Black "Prinzen, Siri Marleen"]
[Result "0-1"]
[Termination "normal"]
[Board "5.1"]
[WhiteElo "1352"]
[BlackElo "1631"]
[WhiteTeam "SC Garching 1980 e.V."]
[BlackTeam "SK Tarrasch 1945 München"]
[PlyCount "150"]
[WhiteFideId "16265904"]
[BlackFideId "16265912"]
[EventCountry "GER"]
[EventRounds "7"]
[EventType "team-swiss"]
[EventDate "2019.12.26"]

1. e4 c6 2. d4 d5 3. Nc3 dxe4 4. Nxe4 Nd7 5. Nf3 Ngf6 6. Nxf6+ Nxf6 7. c3 e6 8.
Bc4 Be7 9. O-O O-O 10. Re1 b6 11. h3 Bb7 12. Be3 Rc8 13. Qe2 Rc7 14. Bf4 Bd6
15. Bxd6 Qxd6 16. Qe5 Qe7 17. Rad1 h6 18. Qe2 Rd8 19. Bb3 Nd5 20. c4 Nf4 21.
Qe5 Ng6 22. Qe3 Qf6 23. Ne5 Ne7 24. Ng4 Qg6 25. Qe5 Rcd7 26. Qf4 Qf5 27. Qe3
Qa5 28. Qc3 Qh5 29. Ne5 Rc7 30. Qf3 Qxf3 31. Nxf3 Rcd7 32. Bc2 c5 33. Ba4 Bc6
34. Bxc6 Nxc6 35. d5 exd5 36. Rxd5 Rxd5 37. cxd5 Nb4 38. a3 Nxd5 39. Rd1 f6 40.
Nh4 Kf7 41. Nf5 Rd7 42. g4 h5 43. gxh5 Ke6 44. h6 gxh6 45. Nxh6 Rg7+ 46. Kh2
Nf4 47. Ng4 Rh7 48. Re1+ Kf7 49. Re3 Nh5 50. Rf3 Ke6 51. Re3+ Kf5 52. Rf3+ Kg5
53. Ne3 Kg6 54. Rf5 Ng7 55. Rf3 Ne6 56. Nd5 f5 57. Rg3+ Kf7 58. Nc3 f4 59. Rd3
Nd4 60. Nd5 Rh4 61. b4 Ke6 62. Nc7+ Ke5 63. bxc5 bxc5 64. Rc3 Kd6 65. Ne8+ Kc6
66. a4 Rh8 67. Nf6 Rc8 68. Ne4 Kd5 69. Nf6+ Ke6 70. Ne4 c4 71. Nd2 Kd5 72. h4
Ne2 73. Rc2 c3 74. Nf3 Nd4 75. Nxd4 Kxd4 0-1

[Event "DVM U14w 2019"]
[Site "Neumünster GER"]
[Date "2019.12.30"]
[Round "7"]
[White "Winkler, Sarah"]
[Black "Muhina, Liana"]
[Result "1-0"]
[Termination "normal"]
[Board "5.2"]
[WhiteElo "1307"]
[BlackElo "1272"]
[WhiteTeam "SK Tarrasch 1945 München"]
[BlackTeam "SC Garching 1980 e.V."]
[PlyCount "117"]
[WhiteFideId "16274431"]
[BlackFideId "16266145"]
[EventCountry "GER"]
[EventRounds "7"]
[EventType "team-swiss"]
[EventDate "2019.12.26"]

1. e4 d5 2. exd5 Qxd5 3. Nc3 Qa5 4. d4 Nf6 5. Bd2 c6 6. h3 Bf5 7. Nf3 e6 8. Ne2
Qc7 9. Ng3 Bg6 10. Nh4 Bd6 11. Nxg6 hxg6 12. Qf3 Nbd7 13. Ne4 Nxe4 14. Qxe4 Nf6
15. Qf3 Qb6 16. Bc3 Bb4 17. Rb1 Bxc3+ 18. Qxc3 Nd5 19. Qd2 Qb4 20. Qxb4 Nxb4
21. c3 Nd5 22. Bc4 O-O-O 23. O-O Rhe8 24. Rfe1 Kc7 25. Re5 b6 26. Rbe1 b5 27.
Bxd5 Rxd5 28. Rxd5 cxd5 29. b3 Kd6 30. f3 Rc8 31. Rc1 a6 32. Kf2 a5 33. Ke3 Kd7
34. Kf4 f6 35. h4 Ke7 36. g4 Kd6 37. Ke3 e5 38. Kd3 f5 39. dxe5+ Kxe5 40. Ke3
f4+ 41. Kd3 b4 42. c4 dxc4+ 43. bxc4 Rd8+ 44. Kc2 Rc8 45. Kb3 Kd4 46. Re1 Kd3
47. Re4 a4+ 48. Kxb4 Rb8+ 49. Kxa4 Ra8+ 50. Kb4 Rb8+ 51. Ka5 Ra8+ 52. Kb6 Rxa2
53. Rxf4 Ke3 54. Rf7 Rb2+ 55. Kc5 Ra2 56. Rxg7 Ra5+ 57. Kb4 Ra8 58. Rxg6 Kxf3
59. h5 1-0

[Event "DVM U14w 2019"]
[Site "Neumünster GER"]
[Date "2019.12.30"]
[Round "7"]
[White "Frowein, Katja"]
[Black "Semenchenko, Simona"]
[Result "1-0"]
[Termination "normal"]
[Board "5.3"]
[WhiteElo "1271"]
[BlackElo "919"]
[WhiteTeam "SC Garching 1980 e.V."]
[BlackTeam "SK Tarrasch 1945 München"]
[PlyCount "43"]
[WhiteFideId "16282949"]
[BlackFideId "16298314"]
[EventCountry "GER"]
[EventRounds "7"]
[EventType "team-swiss"]
[EventDate "2019.12.26"]

1. e4 e6 2. d4 d5 3. exd5 exd5 4. Nf3 Nc6 5. c3 Bd6 6. Bd3 Nf6 7. O-O O-O 8.
Bg5 h6 9. Bh4 Bg4 10. h3 Be6 11. Re1 Re8 12. Nbd2 a6 13. Ne5 Bd7 14. Bxf6 gxf6
15. Nxd7 Qxd7 16. Qh5 Kg7 17. Bf5 Qd8 18. Nf3 Ne7 19. Nh4 Nxf5 20. Nxf5+ Kh7
21. Qxf7+ Kh8 22. Qg7# 1-0

[Event "DVM U14w 2019"]
[Site "Neumünster GER"]
[Date "2019.12.30"]
[Round "7"]
[White "Yue, Qizhou"]
[Black "Hubert, Charlotte"]
[Result "1/2-1/2"]
[Termination "normal"]
[Board "6.1"]
[WhiteElo "1784"]
[BlackElo "1415"]
[WhiteTeam "SV Multatuli Ingelheim e.V."]
[BlackTeam "Hamburger SK"]
[PlyCount "60"]
[WhiteFideId "16273800"]
[BlackFideId "16265920"]
[EventCountry "GER"]
[EventRounds "7"]
[EventType "team-swiss"]
[EventDate "2019.12.26"]

1. e4 c5 2. Nc3 e6 3. f4 a6 4. Nf3 d5 5. d3 Nc6 6. g3 d4 7. Ne2 Nf6 8. Bg2 Qc7
9. O-O Be7 10. a4 Bd7 11. Bd2 b6 12. Kh1 Rb8 13. Neg1 b5 14. axb5 axb5 15. Ne5
Rd8 16. Nxc6 Bxc6 17. Ba5 Qd7 18. Bxd8 Qxd8 19. g4 h5 20. g5 Ng4 21. Qd2 Ne3
22. Rf3 e5 23. Rxe3 dxe3 24. Qxe3 exf4 25. Qxf4 Bxg5 26. Qe5+ Qe7 27. Qb8+ Qd8
28. Qe5+ Qe7 29. Qb8+ Qd8 30. Qe5+ Qe7 1/2-1/2

[Event "DVM U14w 2019"]
[Site "Neumünster GER"]
[Date "2019.12.30"]
[Round "7"]
[White "Modali, Nikhilamrutha"]
[Black "von Beckh, Frieda"]
[Result "0-1"]
[Termination "normal"]
[Board "6.2"]
[WhiteElo "1112"]
[BlackElo "1513"]
[WhiteTeam "Hamburger SK"]
[BlackTeam "SV Multatuli Ingelheim e.V."]
[PlyCount "94"]
[WhiteFideId "16282370"]
[BlackFideId "16233751"]
[EventCountry "GER"]
[EventRounds "7"]
[EventType "team-swiss"]
[EventDate "2019.12.26"]

1. e4 c5 2. Nf3 Nc6 3. Bc4 g6 4. d3 Bg7 5. O-O Nf6 6. Nc3 O-O 7. Be3 d6 8. h3
a6 9. Qd2 b5 10. Bd5 Nxd5 11. exd5 Nd4 12. Bxd4 cxd4 13. Ne2 Bb7 14. Nfxd4 Bxd5
15. c3 Bb7 16. Rfe1 Rc8 17. h4 e5 18. Nc2 Qxh4 19. d4 Rfe8 20. Ng3 b4 21. dxe5
bxc3 22. bxc3 Bxe5 23. Qd3 Rf8 24. Rab1 Rxc3 25. Qd2 Ba8 26. Rxe5 Rxc2 27. Qxc2
dxe5 28. Qe2 Qf6 29. a4 Qc6 30. f3 Re8 31. a5 Qc5+ 32. Kf1 Qxa5 33. Ne4 Bxe4
34. Qxe4 Qd8 35. Qc4 a5 36. Rb7 Re7 37. Rb5 Qd1+ 38. Kf2 Qd4+ 39. Qxd4 exd4 40.
Rxa5 Rd7 41. Ra1 Kg7 42. Ke2 Kf6 43. Kd3 Ke5 44. Re1+ Kf4 45. Re8 Kg3 46. Rh8
h5 47. f4 Kxf4 0-1

[Event "DVM U14w 2019"]
[Site "Neumünster GER"]
[Date "2019.12.30"]
[Round "7"]
[White "Albrecht, Angelique"]
[Black "Wu, Yvonne Yihan"]
[Result "1-0"]
[Termination "normal"]
[Board "6.3"]
[WhiteElo "1219"]
[BlackElo "1083"]
[WhiteTeam "SV Multatuli Ingelheim e.V."]
[BlackTeam "Hamburger SK"]
[PlyCount "80"]
[WhiteFideId "16298284"]
[BlackFideId "16298330"]
[EventCountry "GER"]
[EventRounds "7"]
[EventType "team-swiss"]
[EventDate "2019.12.26"]

1. e4 e5 2. Nf3 Nc6 3. Bc4 Bc5 4. d3 Nf6 5. Bg5 d6 6. h3 Be6 7. Bb3 h6 8. Bh4
O-O 9. O-O Qe7 10. Nc3 Rad8 11. Qd2 Rd7 12. Rfe1 Bb4 13. Ba4 d5 14. exd5 Bxd5
15. Bxc6 Bxc6 16. Nxe5 Qc5 17. Nxd7 Nxd7 18. Be7 Qd5 19. f3 Qd4+ 20. Kh1 Re8
21. Bxb4 Rxe1+ 22. Rxe1 Qxb4 23. b3 Nf6 24. Re2 Nh5 25. Ne4 Qb6 26. Kh2 Bxe4
27. dxe4 c6 28. e5 f6 29. e6 Qc7+ 30. Kg1 Qb6+ 31. Rf2 Qc5 32. Qd8+ Kh7 33. e7
Nf4 34. e8=Q Nxh3+ 35. gxh3 Qg5+ 36. Kf1 Qc1+ 37. Qe1 Qa3 38. Qd3+ Kg8 39. Qe8+
Qf8 40. Qxf8+ Kxf8 1-0

[Event "DVM U14w 2019"]
[Site "Neumünster GER"]
[Date "2019.12.30"]
[Round "7"]
[White "Krasikova, Milana"]
[Black "Gyácsok, Dzvinka"]
[Result "1-0"]
[Termination "normal"]
[Board "6.4"]
[WhiteElo "1082"]
[BlackElo "997"]
[WhiteTeam "Hamburger SK"]
[BlackTeam "SV Multatuli Ingelheim e.V."]
[PlyCount "55"]
[WhiteFideId "16287347"]
[BlackFideId "16298292"]
[EventCountry "GER"]
[EventRounds "7"]
[EventType "team-swiss"]
[EventDate "2019.12.26"]

1. e4 e5 2. Nf3 Nc6 3. Nc3 Nf6 4. Bb5 Bd6 5. d3 O-O 6. Bg5 Re8 7. Nd5 Nb4 8.
Nxf6+ gxf6 9. Bh6 Kh8 10. a3 Nc6 11. Nh4 Nd4 12. Ba4 Rg8 13. c3 Ne6 14. Nf5
Rxg2 15. Qf3 Rg6 16. O-O-O Ng5 17. Bxg5 fxg5 18. Nxd6 Rxd6 19. Qxf7 Rf6 20. Qh5
Rxf2 21. h4 g4 22. Qxe5+ Rf6 23. Rhf1 Kg7 24. Qg5+ Kf7 25. e5 Rxf1 26. Rxf1+
Ke8 27. Qg8+ Ke7 28. Qf7# 1-0

[Event "DVM U14w 2019"]
[Site "Neumünster GER"]
[Date "2019.12.30"]
[Round "7"]
[White "Heintz, Lilly"]
[Black "Stepanjan, Marianne"]
[Result "1/2-1/2"]
[Termination "normal"]
[Board "7.1"]
[WhiteElo "1219"]
[BlackElo "1414"]
[WhiteTeam "SC Leipzig-Lindenau"]
[BlackTeam "TuRa Harksheide von 1945 Norderstedt e.V."]
[PlyCount "70"]
[WhiteFideId "16229550"]
[BlackFideId "16246110"]
[EventCountry "GER"]
[EventRounds "7"]
[EventType "team-swiss"]
[EventDate "2019.12.26"]

1. d4 d5 2. c4 e6 3. Nf3 Nf6 4. Nc3 Be7 5. Bf4 O-O 6. e3 Nbd7 7. cxd5 exd5 8.
Be2 b6 9. O-O Bb7 10. Re1 c5 11. Rc1 a6 12. a4 Nh5 13. Bg3 Nxg3 14. hxg3 Nf6
15. Ng5 h6 16. Nh3 Bc6 17. Nf4 c4 18. b3 b5 19. Ra1 Bb4 20. Qc2 Ne4 21. Nxe4
Bxe1 22. Rxe1 dxe4 23. bxc4 Rc8 24. d5 Bb7 25. Qxe4 bxc4 26. Bxc4 Qe8 27. Qxe8
Rfxe8 28. Bb3 Red8 29. e4 Rc3 30. Rb1 g5 31. Ne2 Rc7 32. f3 Kf8 33. Nd4 Rcd7
34. Kf2 a5 35. Rc1 Rc8 1/2-1/2

[Event "DVM U14w 2019"]
[Site "Neumünster GER"]
[Date "2019.12.30"]
[Round "7"]
[White "Foos, Vanessa"]
[Black "Niesch, Sarah"]
[Result "1-0"]
[Termination "normal"]
[Board "7.2"]
[WhiteElo "1309"]
[BlackElo "1043"]
[WhiteTeam "TuRa Harksheide von 1945 Norderstedt e.V."]
[BlackTeam "SC Leipzig-Lindenau"]
[PlyCount "51"]
[WhiteFideId "16245270"]
[BlackFideId "16211294"]
[EventCountry "GER"]
[EventRounds "7"]
[EventType "team-swiss"]
[EventDate "2019.12.26"]

1. e4 e5 2. Nf3 Nc6 3. Bc4 d6 4. Nc3 Nf6 5. Ng5 d5 6. exd5 Na5 7. Bb5+ Bd7 8.
Qe2 Bd6 9. d4 Bxb5 10. Qxb5+ c6 11. dxc6 bxc6 12. Qe2 Nd7 13. dxe5 Nxe5 14. f4
f6 15. Nf3 O-O 16. fxe5 fxe5 17. O-O Qe7 18. Bg5 Qe8 19. b4 Nb7 20. Qc4+ Kh8
21. Qxc6 Rb8 22. Qe4 h6 23. Qh4 Kg8 24. Nd5 hxg5 25. Nxg5 Qd8 26. Qh7# 1-0

[Event "DVM U14w 2019"]
[Site "Neumünster GER"]
[Date "2019.12.30"]
[Round "7"]
[White "Kießling, Luisa"]
[Black "Chen, Michelle"]
[Result "0-1"]
[Termination "normal"]
[Board "7.3"]
[WhiteElo "865"]
[BlackElo "1072"]
[WhiteTeam "SC Leipzig-Lindenau"]
[BlackTeam "TuRa Harksheide von 1945 Norderstedt e.V."]
[PlyCount "118"]
[WhiteFideId "16298420"]
[BlackFideId "16275403"]
[EventCountry "GER"]
[EventRounds "7"]
[EventType "team-swiss"]
[EventDate "2019.12.26"]

1. e4 g6 2. Nf3 Bg7 3. Bc4 e6 4. O-O Ne7 5. h3 O-O 6. d3 d6 7. Bg5 Nd7 8. Qd2
b6 9. Bh4 Bb7 10. Bg3 a6 11. Qf4 b5 12. Bb3 Bxb2 13. Qh4 Bxa1 14. Ng5 Nf6 15.
Nd2 a5 16. Rxa1 a4 17. Bxe6 fxe6 18. Qh6 Qd7 19. Ndf3 Rae8 20. Nd4 Nc6 21. Nxb5
Ba6 22. Na3 d5 23. e5 Nh5 24. Bh2 Nd4 25. g4 Kh8 26. gxh5 Nf5 27. Nf7+ Rxf7 28.
Qd2 Nd4 29. Qe3 Nf3+ 30. Kf1 Nxh2+ 31. Kg2 Nf3 32. Nb1 Ref8 33. Nc3 d4 34. Qh6
dxc3 35. hxg6 Rg8 36. Kf1 Rfg7 37. gxh7 Rxh7 38. Qf6+ Qg7 39. Qxf3 Qh6 40. Ke2
Qxh3 41. Qf6+ Rhg7 42. Qf4 Qg4+ 43. Qxg4 Rxg4 44. f3 Rg2+ 45. Kd1 Rg1+ 46. Ke2
Rxa1 47. f4 Rxa2 48. Ke3 Rxc2 49. d4 c6 50. Ke4 a3 51. f5 exf5+ 52. Kxf5 a2 53.
e6 Bc8 54. Ke5 Re8 55. Kd6 a1=Q 56. e7 Qa3+ 57. Kc7 Rxe7+ 58. Kd8 Qa7 59. Kxc8
Qa8# 0-1

[Event "DVM U14w 2019"]
[Site "Neumünster GER"]
[Date "2019.12.30"]
[Round "7"]
[White "Striebeck, Liv"]
[Black "Göllnitz, Cölestine"]
[Result "0-1"]
[Termination "normal"]
[Board "7.4"]
[WhiteElo "790"]
[BlackElo "800"]
[WhiteTeam "TuRa Harksheide von 1945 Norderstedt e.V."]
[BlackTeam "SC Leipzig-Lindenau"]
[PlyCount "40"]
[WhiteFideId "16275438"]
[BlackFideId "16298438"]
[EventCountry "GER"]
[EventRounds "7"]
[EventType "team-swiss"]
[EventDate "2019.12.26"]

1. e4 e5 2. Nc3 Nf6 3. Nf3 Nc6 4. Bc4 Bc5 5. O-O d6 6. d3 Bg4 7. Be3 Nd4 8. Re1
Nxf3+ 9. gxf3 Bh3 10. Bd2 O-O 11. f4 Ng4 12. Be3 exf4 13. Bxc5 dxc5 14. f3 Qd4+
15. Kh1 Nf2+ 16. Kg1 Nxd1+ 17. Kh1 Nxc3 18. bxc3 Qf2 19. Rg1 Qxf3+ 20. Rg2
Qxg2# 0-1

[Event "DVM U14w 2019"]
[Site "Neumünster GER"]
[Date "2019.12.30"]
[Round "7"]
[White "Bräutigam, Katerina"]
[Black "Bone, Franziska"]
[Result "1-0"]
[Termination "normal"]
[Board "8.1"]
[WhiteElo "1660"]
[BlackElo "1115"]
[WhiteTeam "Elmshorner SC von 1896"]
[BlackTeam "Schachgemeinschaft Turm Raesfeld/Erle"]
[PlyCount "47"]
[WhiteFideId "16242980"]
[BlackFideId "16261488"]
[EventCountry "GER"]
[EventRounds "7"]
[EventType "team-swiss"]
[EventDate "2019.12.26"]

1. e4 e5 2. Nf3 Nc6 3. Bb5 a6 4. Ba4 b5 5. Bb3 Nf6 6. d4 d6 7. Ng5 d5 8. dxe5
Nxe5 9. Nc3 Bb4 10. O-O Bxc3 11. bxc3 O-O 12. f4 Ng6 13. e5 Ne8 14. Bxd5 Bg4
15. Qd4 Rc8 16. f5 Ne7 17. Bxf7+ Rxf7 18. Qxg4 Rf8 19. Ne6 Qd5 20. Nxf8 Kxf8
21. f6 Ng6 22. Ba3+ b4 23. Qxc8 Qxe5 24. Rae1 1-0

[Event "DVM U14w 2019"]
[Site "Neumünster GER"]
[Date "2019.12.30"]
[Round "7"]
[White "Lensing, Sienna"]
[Black "Margaryan, Susanna"]
[Result "1-0"]
[Termination "normal"]
[Board "8.2"]
[WhiteElo "1085"]
[BlackElo "1395"]
[WhiteTeam "Schachgemeinschaft Turm Raesfeld/Erle"]
[BlackTeam "Elmshorner SC von 1896"]
[PlyCount "79"]
[WhiteFideId "16298381"]
[BlackFideId "16268210"]
[EventCountry "GER"]
[EventRounds "7"]
[EventType "team-swiss"]
[EventDate "2019.12.26"]

1. e4 d5 2. exd5 Qxd5 3. Nc3 Qa5 4. Bc4 Bf5 5. d3 e6 6. Bd2 c6 7. Qe2 Nf6 8. h3
Be7 9. g4 Bg6 10. h4 h5 11. Nd5 Qd8 12. Nf4 Nd5 13. Nxg6 fxg6 14. Qxe6 hxg4 15.
Qxg6+ Kf8 16. Qxg4 Rxh4 17. Rxh4 Bxh4 18. Qf5+ Qf6 19. Qc8+ Kf7 20. O-O-O Qe7
21. Qg4 Bf6 22. Re1 Qd7 23. Qh5+ g6 24. Qh7+ Bg7 25. Bc3 Kf8 26. Bxg7+ Qxg7 27.
Qh4 g5 28. Qe4 Qd7 29. Nf3 b5 30. Bb3 g4 31. Ng5 Na6 32. Bxd5 cxd5 33. Qf4+ Kg8
34. Qf6 Re8 35. Rh1 Qg7 36. Qf5 Nb4 37. Rh7 Qxg5+ 38. Qxg5+ Kxh7 39. Qh5+ Kg7
40. Qxe8 1-0

[Event "DVM U14w 2019"]
[Site "Neumünster GER"]
[Date "2019.12.30"]
[Round "7"]
[White "Schramm, Clara"]
[Black "Wehling, Ida"]
[Result "1-0"]
[Termination "normal"]
[Board "8.3"]
[WhiteElo "805"]
[BlackElo "1123"]
[WhiteTeam "Elmshorner SC von 1896"]
[BlackTeam "Schachgemeinschaft Turm Raesfeld/Erle"]
[PlyCount "51"]
[WhiteFideId "16298365"]
[BlackFideId "16287452"]
[EventCountry "GER"]
[EventRounds "7"]
[EventType "team-swiss"]
[EventDate "2019.12.26"]

1. d4 d5 2. c4 Be6 3. cxd5 Bxd5 4. Nf3 Nc6 5. Bf4 Nf6 6. e3 a6 7. a4 e6 8. Bd3
Bb4+ 9. Nc3 Qd7 10. O-O Ne7 11. Ne5 Qd6 12. a5 Qd8 13. Be2 c6 14. Bg5 Nf5 15.
Bxf6 Qxf6 16. Nxd5 cxd5 17. Qa4+ b5 18. axb6+ Kf8 19. Qxb4+ Kg8 20. b7 Rb8 21.
Nd7 Qd8 22. Nxb8 Qxb8 23. Rxa6 Nd6 24. Ra8 Qxa8 25. bxa8=Q+ Ne8 26. Qxe8# 1-0